000 00730nam a2200205Ii 4500
003 JO-AjNU
008 230605s9999||||xx |||||||||||||| ||und||
040 _aJO-AjNU
_bara
_erda
_cJO-AjNU
041 _aara
050 1 4 _aPJ6161.Z3372 1900
100 3 _aتاليف الغياثي الظفيري، لطف الله بن محمد,
_eauthor
_939070
245 0 0 _aالإيجاز في علم المجاز
264 3 1 _aعمان: دار الفكر للنشروالتوزيع، 1900
300 _a87ص
336 _atext
_btxt
_2rdacontent
337 _aunmediated
_bn
_2rdamedia
338 _avolume
_bnc
_2rdacarrier
490 0 _aمن أصول البلاغة العربية
650 4 _aاللغة العربية-بلاغة
_939071
999 _aA16470
_c20038
_d20038